Principles and practice of clinical trial medicine /by (Record no. 20587)

MARC details
000 -LEADER
fixed length control field 00442nam a22001457a 4500
008 - FIXED-LENGTH DATA ELEMENTS--GENERAL INFORMATION
fixed length control field 250131b |||||||| |||| 00| 0 eng d
020 ## - INTERNATIONAL STANDARD BOOK NUMBER
International Standard Book Number 9780123736956
050 ## - LIBRARY OF CONGRESS CALL NUMBER
Classification number R853
Item number .C45
100 ## - MAIN ENTRY--PERSONAL NAME
Personal name Chin, Richard
245 ## - TITLE STATEMENT
Title Principles and practice of clinical trial medicine /by
Statement of responsibility, etc. Richard Chin & Bruce Y. Lee
260 ## - PUBLICATION, DISTRIBUTION, ETC. (IMPRINT)
Place of publication, distribution, etc. London
Name of publisher, distributor, etc. Elsevier
Date of publication, distribution, etc. 2008
300 ## - PHYSICAL DESCRIPTION
Extent xii, 547p.
Other physical details Includes Appendix, index
700 ## - ADDED ENTRY--PERSONAL NAME
Personal name Lee, Bruce Y.
942 ## - ADDED ENTRY ELEMENTS (KOHA)
Source of classification or shelving scheme Library of Congress Classification
Koha item type General Collection
Holdings
Withdrawn status Lost status Source of classification or shelving scheme Not for loan Home library Current library Shelving location Date acquired Cost, normal purchase price Inventory number Total Checkouts Full call number Barcode Date last seen Copy number Price effective from Koha item type
    Library of Congress Classification   Kabarak, Main Campus Kabarak, Main Campus General Stacks 31/01/2025 10967.00 2025/2049   R853 .C45 2008 C.1 33500 31/01/2025 C.1 31/01/2025 General Collection
    Library of Congress Classification   Kabarak, Main Campus Kabarak, Main Campus General Stacks 31/01/2025 10967.00 2025/2050   R853 .C45 2008 C.2 33499 31/01/2025 C.2 31/01/2025 General Collection
    Library of Congress Classification   Kabarak, Main Campus Kabarak, Main Campus General Stacks 31/01/2025 10967.00 2025/2050   R853 .C45 2008 C.3 33496 31/01/2025 C.3 31/01/2025 General Collection
Designed with assistance from East African Informatics Ltd